[Event "NZL-ch op-A 130th"]
[Site "Wellington"]
[Date "2023.01.05"]
[Round "4"]
[White "Wang, Aaron Ziwen"]
[Black "Davis, Johnathan"]
[Result "1-0"]
[WhiteElo "1945"]
[BlackElo "1940"]
[PlyCount "35"]
[EventDate "2023.01.02"]
[EventType "swiss"]
[EventRounds "9"]
[EventCountry "NZL"]
[SourceTitle "EXT 2024"]
[Source "ChessBase"]
[SourceDate "2023.10.10"]
[SourceVersion "1"]
[SourceVersionDate "2023.10.10"]
[SourceQuality "1"]

1. c4 f5 2. d4 Nf6 3. Nc3 g6 4. Nf3 Bg7 5. Bf4 d6 6. g3 0-0 7. Qd2 Ne8 8. Qe3 Nc6 9. 0-0-0 Nf6 10. h3 a5 11. b3 a4 12. Nxa4 b5 13. cxb5 Nd5 14. Qd2 Nxf4 15. gxf4 Na7 16. Nc3 c5 17. dxc5 Qa5 18. Na4 1-0